Sports Quiz

Random Sports Quiz

Fußballer des Jahres Quiz Stats

 Plays Quiz not verified by Sporcle

Support Sporcle.
Go Orange.
Score 0/25 Timer 05:00
0 Plays Today
Jahr Name % Correct
1984Herbert Prohaska
58.1%
1985Herbert Prohaska
38.7%
1986Anton Polster
32.3%
2008Marc Janko
22.6%
1992Andreas Herzog
19.4%
1998Ivica Vastic
19.4%
1999Ivica Vastic
19.4%
1997Anton Polster
16.1%
1988Herbert Prohaska
12.9%
1990Andreas Ogris
12.9%
2004Steffen Hofmann
12.9%
1989Gerhard Rodax
9.7%
2003Andreas Ivanschitz
9.7%
Jahr Name % Correct
1987Heribert Weber
6.5%
1995Ivica Vastic
6.5%
1991Nestor Gorosito
3.2%
2007Ivica Vastic
3.2%
1993Franz Wohlfahrt
0%
1994Heimo Pfeifenberger
0%
1996Michael Konsel
0%
2000Radoslaw Gilewicz
0%
2001Ronald Brunnmayr
0%
2002Vladimir Janocko
0%
2005Mario Bazina
0%
2006Alexander Zickler
0%

You're not logged in!

Compare scores with friends on all Sporcle quizzes.
OR
Log In

From the Vault

Where Is That 'E' or 'F' City? (USA)

by geronimostilton

Is this a grading system for a bunch of cities? Maybe, because they got an "E" for effort.

You Might Also Like...

Remove Ads.
Support Sporcle.
Get the best of Sporcle when you Go Orange. This ad-free experience offers more features, more stats, and more fun while also helping to support Sporcle. Thank you for becoming a member.

Show Comments

Extras

Created Sep 24, 2009SourceReportNominate
Tags:Baller, des, Fu, jahr, Jahve

Top Quizzes Today


Score Distribution

Your Account Isn't Verified!

In order to create a playlist on Sporcle, you need to verify the email address you used during registration. Go to your Sporcle Settings to finish the process.

Report this User

Report this user for behavior that violates our Community Guidelines.

Details: